000 01151nam a22002537a 4500
999 _c22169
_d22169
003 AR-CdUCM
008 190425b ||||| |||| 00| 0 spa d
040 _aMUNICIPALIDAD PROVINCIAL DEL CUSCO
_cBIBLIOTECA MUNICIPAL DEL CUSCO
082 _aOropesa/N°55/2005
245 _aOropesa :
_brevista de cultura y educación de opinión y crítica /
_cAmérico Valer Vargas, Director
260 _aCusco.
_bPantigozo,
_c2005.
300 _a22 páginas. :
_bilustraciones ;
_c30 cm.
440 _aOropesa.
_nAño XXIV, N°LV, setiembre 2005.
_947588
505 _aContenido: Macrosur peruano exige el inicio de la carretera interoceánica. -- Don Quijote y el arte de gobernar. -- Si al referéndum regional. -- Aspectos ambientales del parque arqueológico de Saqsaywaman. -- XIII festival del pan T´anta Raymi Oropesa 2005.
650 _aPolítica cusqueña
_947381
650 _aCultura andina
_947570
650 _aSociedad cusqueña
_947493
650 _aSiglo XX
_947561
700 _aValenzuela Lovón, Armando
_91192
700 _aSaloma Gonzáles, Adolfo
_947572
700 _aValer Vargas, Alejandro
_947563
942 _2ddc
_cPP
945 _arac